| 000 | 00873nam a22003137a 4500 | ||
|---|---|---|---|
| 001 | 0019124 | ||
| 003 | KOHA_MİRAKIL | ||
| 005 | 20260207002226.0 | ||
| 007 | ta | ||
| 008 | 100707b2003 tu |||gr||||#||||0|tur | | ||
| 020 | _a975353308X | ||
| 040 |
_aTR-BiSEU _btur _cTR-BiSEU _erda |
||
| 041 | 0 | _atur | |
| 044 | _ctu | ||
| 050 |
_aHF1416 _b.U48 2003 |
||
| 245 | 0 |
_aUluslararası pazarlama çevresi/ _cA. Ercan Gegez... [ve bşk.]. |
|
| 264 | 1 |
_aİstanbul : _bDer Yayınları _c2003 |
|
| 300 |
_axv, 295 s. ; _c23 cm |
||
| 336 |
_ametin _btxt _2rdacontent |
||
| 337 |
_aaracısız _bn _2rdamedia |
||
| 338 |
_acilt _bnc _2rdacarrier |
||
| 490 | 1 |
_aDer yayınları ; _vyayın no. |
|
| 490 | 1 | _a359. | |
| 650 | 0 |
_aExport marketing. _911453 |
|
| 650 | 0 |
_aMarketing. _92838 |
|
| 830 | 1 |
_aDer yayınları ; _vyayın no. _95891 |
|
| 830 | 1 |
_a359. _924516 |
|
| 942 |
_2lcc _cBK |
||
| 999 |
_c19081 _d19081 |
||